| 000 | 00393nam a2200145Ia 4500 | ||
|---|---|---|---|
| 005 | 20251222151257.0 | ||
| 008 | 251222s9999||||xx |||||||||||||| ||spa|| | ||
| 020 | _a9701044681 | ||
| 082 | _a658.5/C526 | ||
| 100 | _aChase, Richard B. | ||
| 245 | 0 | _aAdministración de la Producción y Operaciones: | |
| 250 | _a10a.ed. | ||
| 264 | _bMcGraw-Hill/Interamericana Editores, S.A. | ||
| 942 | _cLIB | ||
| 999 |
_c22864 _d22864 |
||